| 000 | 00530 a2200145 4500 | ||
|---|---|---|---|
| 020 | _a0006165516 | ||
| 082 | _a823.912 | ||
| 090 |
_c897 _d897 |
||
| 100 | _aChristie, Agatha. | ||
| 245 |
_aThe Hollow _cAgatha Christie |
||
| 260 |
_aEngland: _bHarperCollins Publishers Ltd, _c1955. |
||
| 300 |
_a232 p. ; _c20 cm. |
||
| 650 | _a 1.Christie, Agatha, 1890-1976--Criticism and interpretation.2.Detective and mystery stories, English--History and criticism.3.Women and literature--England--History--20th century. | ||
| 942 |
_cBK _k823.912 CHA |
||
| 999 |
_c4866 _d4866 |
||